00853cam a22002531 4500001001300000003000400013005001700017008004100034010001700075035001900092040005100111042001200162050001500174100003100189245006600220260003700286300003000323490007000353504002500423650003100448700001700479830008600496999001700582gs 52000050 DLC20260227111358.0810425s1951 sa b f000 0 eng c ags 52000050  a(OCoLC)7367098 aU.S. Geol. Survey LibrarycViBlbVdViBlbVdDLC apremarc00aQE537b.K71 aKrige, Leo Jacobus,d1884-10aEarthquakes in South Africa,cby L. J. Krige and B. D. Maree. aPretoria,bGovt. Printer,c1951. a14 p.bfold. map.c24 cm.1 aSouth Africa. Dept. of Mines. Geological series. Bulletinvno. 20 aBibliography: p. 14. 0aEarthquakeszSouth Africa.1 aMaree, B. D. 0aGeological series. Bulletin (South Africa. Geological Survey Division) ;vno. 20. c28613d28613